| 000 | 00805nam2a22002051 4500 | ||
|---|---|---|---|
| 001 | RU\NLR\A1SV\145467 | ||
| 005 | 20251214192803.0 | ||
| 035 | _a(NLR Aleph) 011240051 | ||
| 090 |
_a13492578 _c13492578 |
||
| 100 | _a20160825d1925 u y0rusy50 ca | ||
| 101 | 0 | _arus | |
| 200 | 1 |
_aПолуночная свадьба _d(Le mariage de minuit) _eРоман _fПер. и предисл. А.А.Смирнова |
|
| 210 | _d1925 | ||
| 215 | _a349 с., 1 л. фронт. | ||
| 461 | 1 |
_1001RU\NLR\A1SV\108510 _12000#$vТ.5 _910131863 _aРенье, А. де (1864-1936) _cЛ. _d1923-1927 _fАнри де Ренье _nAcademia _oВ 17 [19!] т. : Пер. с фр. _tСобрание сочинений Анри де Ренье _vТ.5 |
|
| 801 | 0 |
_aRU _bNLR _c20160825 |
|
| 942 | _cBOOK | ||
| 980 | _aA1SV | ||
| 980 | _aNB | ||